000 01816cam a2200493 i 4500
001 26317
003 KOSZ 005
005 20251107115252.0
008 251105s1974 pl a f f 000 0 pol
035 _a991014469329705066
035 _a(PL-WaBN)b13891388-48omnis_nlop
035 _ab13891388
035 _a(OCoLC)823591311
035 _axx002628624
035 _a(PL)b0000001389138
035 _a(EXLNZ-48OMNIS_NETWORK)9910508607105606
040 _aWA N
_cWA N
_dKOSZ 005/HR
_dKOSZ 005/RW
046 _k1974
080 _a663.4
080 _a(07)
100 1 _aDylkowski, Władysław
_eAutor
245 1 0 _aBrowarnictwo /
_cWładysław Dylkowski.
250 _aWydanie I.
260 _aWarszawa :
_bWydawnictwa Naukowo-Techniczne
_c1974
300 _a492 strony, [1] karta tablic :
_bilustracje ;
_c24 cm.
336 _aTekst
_btxt
_2rdacontent
337 _aBez urządzenia pośredniczącego
_bn
_2rdamedia
338 _aWolumin
_bnc
_2rdacarrier
380 _aKsiążki
380 _aPublikacje dydaktyczne
380 _aPublikacje fachowe
385 _mPoziom nauczania
_aSzkoły wyższe
388 1 _a1901-2000
388 1 _a1945-1989
504 _aBibliografia na stronach 487-491
521 8 _aKsiążka jest przeznaczona dla personelu inżynieryjno-technicznego słodowni, browarów oraz zarządów przedsiębiorstw przemysłu piwowarsko-słodowniczego. Mogą z niej korzystać studenci akademii rolniczych i politechnik.
650 7 _aPiwowarstwo
655 7 _aPodręcznik
658 _aGospodarka, ekonomia, finanse
658 _aRolnictwo i leśnictwo
710 2 _aWydawnictwa Naukowo-Techniczne
_4pbl
856 _uhttp://koha.tu.koszalin.pl/cgi-bin/koha/opac-detail.pl?biblionumber=26317
_yKatalog online BPK
942 _2UKD
_cKS
999 _c26317
_d26317